О принятии Института В. И. Ленина на смету ЦИК СССР

Доступно только в Электронных читальных залах Найти на картеНа карте
RUSMARC
00004102nac2a22002773x 450
0010087d5bd-1f25-4de6-b89b-6ad14fdcf6c5
00520230718141610.0
100##$a20230613l19291929k y0rusy50 ca
1010#$arus
102##$aRU
105##$ay z |||||
1222#$ad19290503
$ad19290627
2001#$aО принятии Института В. И. Ленина на смету ЦИК СССР
$j03.05.1929 - 27.06.1929
215##$a5 листов
$d30,8 х 24,4
251##$cДело
300##$aЗаголовок дела на папке: О принятии Института Ленина на смету ЦИК СССР
300##$aЧасть текста машинописная и рукописная, часть - напечатана типографским способом
324##$aВ деле имеются копии отдельных документов
461#0$1001796d4672-8a00-4986-b488-6e42273792cc
$12001
$aЦЕНТРАЛЬНЫЙ ИСПОЛНИТЕЛЬНЫЙ КОМИТЕТ СССР (ЦИК СССР).
$1251
$cФонд
$1852
$gР
$j3316
462#0$10016e6e8ba4-e15f-4ad4-8937-f1e88c150bfe
$12001
$aДела Секретариата Президиума ЦИК Союза ССР. 1929 г.
$vД. 184
$1251
$cОпись
$1852
$j22
5171#$aО принятии Института Ленина на смету ЦИК СССР
60101$3RU\NLR\AUTH\880357276
$aСССР
$bЦИК
60102$3RU\NLR\AUTH\8810038487
$aИнститут Ленина
$cМосква
801#0$aRU
$bGA_RF
801#1$aRU
$bГлавНИВЦ
$c20230613
$2rusmarc
801#2$aRU
$bПБ им. Б.Н. Ельцина
$c20230718
$gRCR
$2rusmarc
852##$aГА РФ
$j184
937##$d186600924
$hГАРФ
035##$aRuPRLIB51072441
856##$uhttp://readingroom.main.prlib.ru/item.aspx?id_node=n186600924&mode=full
Формат отображения